Report on the working of the factories act in the state of Madras, 1949 (Record no. 508310)
[ view plain ]
| 000 -LEADER | |
|---|---|
| fixed length control field | 00535cam a22001337a 4500 |
| 008 - FIXED-LENGTH DATA ELEMENTS--GENERAL INFORMATION | |
| fixed length control field | 180718b1950 xxu||||| |||| 00| 0 eng d |
| 082 ## - DEWEY DECIMAL CLASSIFICATION NUMBER | |
| Classification number | R603x5452 M267/1948/1949 |
| 100 ## - MAIN ENTRY--PERSONAL NAME | |
| Personal name | Tamil Nadu. Department of Industries, Labour nd Co-Operation |
| 9 (RLIN) | 3558 |
| 245 ## - TITLE STATEMENT | |
| Title | Report on the working of the factories act in the state of Madras, 1949 |
| Statement of responsibility, etc | by Department of Industries, Labour nd Co-Operation |
| 260 ## - PUBLICATION, DISTRIBUTION, ETC. (IMPRINT) | |
| Place of publication, distribution, etc | Madras |
| Name of publisher, distributor, etc | Government Press |
| Date of publication, distribution, etc | 1950 |
| 300 ## - PHYSICAL DESCRIPTION | |
| Extent | v.p. |
| 500 ## - GENERAL NOTE | |
| General note | Contents: Library has 1949, 1955, 1963, 1954, 1956, 1958 |
| 942 ## - ADDED ENTRY ELEMENTS (KOHA) | |
| Source of classification or shelving scheme | |
No items available.
